[Event "Titled Tuesday intern op 21st April"]
[Site "Chess.com INT"]
[Date "2020.04.21"]
[Round "7"]
[White "Fernandez Dominguez, Enrique"]
[Black "Abrashkin, Boris Vladimirovich"]
[Result "1-0"]
[WhiteElo "2534"]
[BlackElo "2407"]
[PlyCount "57"]
[EventDate "2020.04.21"]
[EventType "swiss (blitz)"]
[EventRounds "10"]
[EventCountry "USA"]
[SourceTitle "EXT 2021"]
[Source "ChessBase"]
[SourceDate "2020.10.23"]
[SourceVersion "1"]
[SourceVersionDate "2020.10.23"]
[SourceQuality "1"]

1. e4 Nc6 2. Nf3 d6 3. d4 Nf6 4. Nc3 Bg4 5. Be3 g6 6. Be2 Bg7 7. 0-0 0-0 8. d5 Nb8 9. h3 Bxf3 10. Bxf3 c6 11. Re1 cxd5 12. exd5 Nbd7 13. Bd4 Re8 14. Qd2 a6 15. a4 Rc8 16. Re3 Nc5 17. Re2 Qa5 18. Rae1 Kf8 19. Bg4 Rc7 20. Qf4 b5 21. axb5 axb5 22. Bxf6 Bxf6 23. b4 Qa6 24. bxc5 Bxc3 25. cxd6 Rc4 26. Qh6+ Bg7 27. Qxh7 Qxd6 28. Bf3 Rxc2 29. Rxc2 1-0

[Event "Titled Tuesday intern op 14th April"]
[Site "Chess.com INT"]
[Date "2020.04.14"]
[Round "7"]
[White "Fernandez Dominguez, Enrique"]
[Black "Daianu, Cristian Clement"]
[Result "1/2-1/2"]
[WhiteElo "2519"]
[BlackElo "2224"]
[PlyCount "107"]
[EventDate "2020.04.14"]
[EventType "swiss (blitz)"]
[EventRounds "10"]
[EventCountry "USA"]
[SourceTitle "EXT 2021"]
[Source "ChessBase"]
[SourceDate "2020.10.23"]
[SourceVersion "1"]
[SourceVersionDate "2020.10.23"]
[SourceQuality "1"]

1. e4 c5 2. Nf3 d6 3. d4 cxd4 4. Nxd4 Nf6 5. Nc3 a6 6. Bg5 Nbd7 7. f4 e6 8. Qf3 Qc7 9. 0-0-0 Be7 10. Bd3 h6 11. Bh4 g5 12. fxg5 Ne5 13. Qe2 Nfg4 14. Nf3 hxg5 15. Bg3 Bd7 16. h3 Nxf3 17. hxg4 Rxh1 18. Rxh1 Ne5 19. Rh8+ Bf8 20. Bxe5 dxe5 21. Qe3 0-0-0 22. Qxg5 Bc6 23. Kb1 Be7 24. Rxd8+ Bxd8 25. Qe3 Kb8 26. Ne2 Qe7 27. Qh6 Ka7 28. Ng1 Bb6 29. Nf3 Qb4 30. Qd2 Qf8 31. Nxe5 Be8 32. Nc4 Bc5 33. e5 Bc6 34. c3 Qh8 35. b4 Qh1+ 36. Kb2 Bg1 37. Bf1 Bd5 38. Ne3 Bxe3 39. Qxe3+ Kb8 40. Qf4 Bxg2 41. Bd3 Bd5 42. Bc2 Qg2 43. c4 Bf3 44. b5 axb5 45. cxb5 Qxg4 46. Qxg4 Bxg4 47. Kc3 Kc7 48. Kd4 b6 49. a4 Kd7 50. Ke3 Ke7 51. Kf4 Be2 52. Bb3 f6 53. exf6+ Kxf6 54. Ke4 1/2-1/2